| 000 | 00449cam a2200157ua 4500 | ||
|---|---|---|---|
| 003 | OSt | ||
| 008 | 240320b |||||||| |||| 00| 0 eng d | ||
| 041 | _aeng | ||
| 082 |
_a664.028 _bFEN/PR |
||
| 100 |
_aFEnnema, Owen R . _96144 |
||
| 245 | _aPrinciples of food science, Part II: Physical principles of food preservation / | ||
| 260 |
_aNew York : _bMarcel Dekker Inc. , _c1975. |
||
| 300 | _a474 ; . | ||
| 700 | 1 |
_aMarcus, Karel _96145 |
|
| 942 | _cBK | ||
| 999 |
_c4853 _d4853 |
||